Drivers of the Duration of Comparative Advantage in the European Union’s Agri-Food Exports

Článok skúma trvanie komparatívnych výhod v poľnohospodárskom vývoze Európskej únie (EÚ-27) s použitím normalizovaného indexu porovnateľných výhod na svetovom trhu.

Gespeichert in:
Bibliographische Detailangaben
1. Verfasser: Bojnec, Štefan
Weitere Verfasser: Fertö, Imre
Format: Buchkapitel
Sprache:Englisch
Schlagworte:
Tags: Tag hinzufügen
Keine Tags, Fügen Sie das erste Tag hinzu!

MARC

LEADER 00000naa a2200000 4500
001 0242379
005 20221104110240.5
041 0 |a eng 
044 |a CZ 
245 1 0 |a Drivers of the Duration of Comparative Advantage in the European Union’s Agri-Food Exports  |c Štefan Bojnec, Imre Fertö 
520 |a Článok skúma trvanie komparatívnych výhod v poľnohospodárskom vývoze Európskej únie (EÚ-27) s použitím normalizovaného indexu porovnateľných výhod na svetovom trhu. 
610 2 0 |a výhody komparatívne 
610 2 0 |a analýzy 
610 2 0 |a vývoz 
610 2 0 |a poľnohospodárstvo 
610 2 0 |a potravinárstvo 
610 2 0 |a modely analytické ekonometrické 
610 2 0 |a Európska únia 
610 2 0 |a Európske spoločenstvá 
100 1 |a Bojnec, Štefan 
700 1 |a Fertö, Imre